The March of civilisation / (Record no. 186146)
[ view plain ]
| 000 -LEADER | |
|---|---|
| fixed length control field | 00558 a2200169 4500 |
| 003 - CONTROL NUMBER IDENTIFIER | |
| control field | NUST |
| 005 - DATE AND TIME OF LATEST TRANSACTION | |
| control field | 20230127180333.0 |
| 040 ## - CATALOGING SOURCE | |
| Transcribing agency | Nust |
| 082 ## - DEWEY DECIMAL CLASSIFICATION NUMBER | |
| Classification number | 909,GUE |
| 100 ## - MAIN ENTRY--PERSONAL NAME | |
| Personal name | Guest, George |
| 9 (RLIN) | 107960 |
| 245 ## - TITLE STATEMENT | |
| Title | The March of civilisation / |
| Statement of responsibility, etc. | George Guest |
| 260 ## - PUBLICATION, DISTRIBUTION, ETC. | |
| Place of publication, distribution, etc. | London |
| Name of publisher, distributor, etc. | G Bell |
| Date of publication, distribution, etc. | 1946 |
| 300 ## - PHYSICAL DESCRIPTION | |
| Extent | 235:p. |
| 505 ## - FORMATTED CONTENTS NOTE | |
| Formatted contents note | PART-1: Ancient Civilizations (Page-1), PART-2: Early European Civilizations (Page-43), PART-3: The Middle Ages (Page-69), PART-4: The Modern World (Page-105). |
| 650 ## - SUBJECT ADDED ENTRY--TOPICAL TERM | |
| Topical term or geographic name entry element | civilisation |
| 9 (RLIN) | 107961 |
| 942 ## - ADDED ENTRY ELEMENTS (KOHA) | |
| Source of classification or shelving scheme | |
| Koha item type | Book |
| Call number prefix | 909,GUE |
| Withdrawn status | Lost status | Source of classification or shelving scheme | Damaged status | Not for loan | Permanent Location | Current Location | Shelving location | Date acquired | Total Checkouts | Full call number | Barcode | Date last seen | Date last checked out | Price effective from | Koha item type | Public note |
|---|---|---|---|---|---|---|---|---|---|---|---|---|---|---|---|---|
| Military College of Signals (MCS) | Military College of Signals (MCS) | General Stacks | 12/12/2016 | 1 | 909,GUE | MCS30046 | 10/24/2022 | 10/07/2022 | 12/12/2016 | Book | Almirah No.58, Shelf No.3 |
